00593nam a2200157Ia 4500008004100000020001600041082001900057100002300076245004600099260007100145300000900216500004700225942005000272952009800322999001500420250519s9999 xx 000 0 und d a99915540009 a910.0215495MAN aHassan Ahmed manik 0aChanges in the topography of the maldives a"Novelty Press, Male', Republic of Maldives"bNovelty Pressc1990 a91p. A"Topography of the Maldives, Bibliography" h910.0215495iMANcAD6910_021549500000000_MAN 92717aKFPLbKFPLcENGd2025-05-19l0o910.0215495MANpKL-2024-000446r2025-05-19 10:00:36yAD c2309d2309